| 000 | 00523nam a2200157 a 4500 | ||
|---|---|---|---|
| 008 | 120416s1965 ||||||||||||||||| || u | ||
| 050 | _aPR 6053.R6S6 | ||
| 100 | _aCronin, Archbald Joseph, 1896 | ||
| 245 | 1 | 2 | _aA song of sixpence |
| 246 | _aArchbald Joseph Cronin, 1896 | ||
| 260 |
_aLondon _bThe Book Club _c1965 |
||
| 300 | _a272p. | ||
| 350 | _a0.00 | ||
| 650 | _aENGLISH LANGUAGE | ||
| 995 |
_D0.00 _FCBU-MAIN LIBRARY (Kitwe) _H1 _I1.24 _M1 _UAVAILABLE _ZFiction Collection |
||
| 999 |
_c57938 _d57938 |
||